| 000 | 00510nam a2200157Ia 4500 | ||
|---|---|---|---|
| 008 | 231217s9999 xx 000 0 und d | ||
| 020 | _a8126504994 | ||
| 041 | _aEnglish | ||
| 082 | _a001.6424JAV NAG;1 R | ||
| 100 | _aNagappan, Ramesh. Skoczylas, Robert. Sri, Rima Patel. | ||
| 245 | 0 | _aDeveloping java web services : architecting and developing secure web services using java | |
| 260 |
_c2004 _bWiley Publication _aNew Delhi |
||
| 300 | _axx, 757 | ||
| 650 | _aDeveloping,java,servlets | ||
| 942 | _cAA | ||
| 999 |
_c198517 _d198517 |
||